| 000 -LEADER |
| fixed length control field |
00776nam a22001577a 4500 |
| 003 - CONTROL NUMBER IDENTIFIER |
| control field |
OSt |
| 005 - DATE AND TIME OF LATEST TRANSACTION |
| control field |
20160509105347.0 |
| 008 - FIXED-LENGTH DATA ELEMENTS--GENERAL INFORMATION |
| fixed length control field |
160509b xxu||||| |||| 00| 0 eng d |
| 040 ## - CATALOGING SOURCE |
| Transcribing agency |
RUA |
| 082 ## - DEWEY DECIMAL CLASSIFICATION NUMBER |
| Classification number |
AGR CHA 2003 B470 Or.1 |
| 100 ## - MAIN ENTRY--PERSONAL NAME |
| 9 (RLIN) |
8329 |
| Personal name |
CHAN SYNAT; ចាន់ ស៊ីណាត |
| 245 ## - TITLE STATEMENT |
| Title |
Comparing fertilizer effected on bitter gourd in wet season 2002 at national school of agriculture, ការពិសោធន័ប្រៀបធៀបឥទ្ធិពលជីលើដំណាំម្រះក្នុងលក្ខខណ្ឌរដូវរំហើយឆ្នាំ២០០២ នៅសាលាជាតិកសិកម្មព្រែកលៀប |
| 260 ## - PUBLICATION, DISTRIBUTION, ETC. (IMPRINT) |
| Place of publication, distribution, etc. |
Phnom penh |
| Name of publisher, distributor, etc. |
RUA |
| Date of publication, distribution, etc. |
2003 |
| 300 ## - PHYSICAL DESCRIPTION |
| Extent |
41p. |
| Other physical details |
ill. |
| Dimensions |
29cm. |
| 942 ## - ADDED ENTRY ELEMENTS (KOHA) |
| Source of classification or shelving scheme |
|
| Koha item type |
AGR |